| 000 | 00577nam a22001937a 4500 | ||
|---|---|---|---|
| 005 | 20211207144705.0 | ||
| 008 | 211207b ||||| |||| 00| 0 eng d | ||
| 040 | _cAL | ||
| 041 | _aEng | ||
| 082 |
_223 _a294.6 _bSINS |
||
| 100 |
_aGurbakhsh Singh _911299 |
||
| 245 | _aSikh faith : questions & answers | ||
| 260 |
_aAmritsar _bDharam Parchar Committee, Shiromani Gurdwara Parbandhak Committee _c1999 |
||
| 300 |
_axxii,213 p. _bHB _c21.5x14 cm. |
||
| 365 |
_b₹40.00 _c₹ _d₹40.00 |
||
| 650 |
_aSikhism _911300 |
||
| 700 |
_aSINGH (Gurbakhsh) _911301 |
||
| 942 |
_2ddc _cGF |
||
| 999 |
_c220891 _d220891 |
||